[Event "55th POL-ch"]
[Site "Ksiaz POL"]
[Date "1998.03.??"]
[Round "8"]
[White "Markowski, Tomasz"]
[Black "Hnydiuk, Aleksander"]
[Result "1-0"]
[WhiteElo "2505"]
[BlackElo "2355"]
[EventDate "1998.03.12"]
[PlyCount "72"]

1.Nf3 f5 2.g3 Nf6 3.d4 g6 4.Bg2 Bg7 5.O-O O-O 6.b4 e6 7.c4 Nc6 8.b5 Ne7 9.
Bb2 h6 10.Nc3 a6 11.a4 a5 12.Qc2 g5 13.Rad1 d6 14.Rfe1 Qe8 15.Ba3 Bd7 16.
c5 Rc8 17.Qd3 g4 18.Nh4 d5 19.c6 bxc6 20.Bxe7 Qxe7 21.Ng6 Qe8 22.Nxf8 Bxf8
23.Rc1 Bb4 24.Red1 Kg7 25.bxc6 Bxc6 26.Nb5 Bxb5 27.axb5 Qd7 28.Rc6 Rb8 29.
Rdc1 Ne8 30.h3 gxh3 31.Bxh3 Rb7 32.g4 Nd6 33.gxf5 exf5 34.Qf3 a4 35.Qxd5 
Rxb5 36.Qg2+ Kh7 1-0

[Event "55th POL-ch"]
[Site "Ksiaz POL"]
[Date "1998.03.??"]
[Round "9"]
[White "Grabarczyk, Bogdan"]
[Black "Macieja, Bartlomiej"]
[Result "1/2-1/2"]
[WhiteElo "2425"]
[BlackElo "2485"]
[EventDate "1998.03.12"]
[PlyCount "106"]

1.e4 c5 2.Nf3 d6 3.d4 Nf6 4.Nc3 cxd4 5.Nxd4 g6 6.Be3 Bg7 7.f3 Nc6 8.Qd2 
O-O 9.O-O-O Nxd4 10.Bxd4 Be6 11.Kb1 Qc7 12.h4 Rfc8 13.h5 Qa5 14.h6 Bh8 15.
a3 Rab8 16.Nd5 Qxd2 17.Rxd2 Nxd5 18.exd5 Bxd4 19.Rxd4 Bf5 20.Bd3 Bxd3 21.
Rxd3 Kf8 22.Rh4 Rc7 23.c3 Ke8 24.Kc2 Kd7 25.Rf4 Rf8 26.g4 Rcc8 27.Ra4 a6 
28.Rad4 g5 29.a4 Rg8 30.Rb4 Rb8 31.Rd1 Rg6 32.Rh1 e6 33.f4 a5 34.Rd4 e5 
35.fxe5 dxe5 36.Rdd1 Rf6 37.Rdf1 Rf4 38.Kd3 Kd6 39.Rxf4 gxf4 40.Ke4 Rc8 
41.Kf5 f6 42.Rh3 Kxd5 43.Rd3+ Kc6 44.Rd1 Rf8 45.Ke6 f3 46.Kf5 Re8 47.Ke4 
f2 48.Rf1 Rg8 49.Kf5 Rg5+ 50.Kxf6 Rxg4 51.Kxe5 Rg2 52.Ke4 Rh2 53.Ke3 Rxh6 
1/2-1/2

[Event "55th POL-ch"]
[Site "Ksiaz POL"]
[Date "1998.03.??"]
[Round "9"]
[White "Grabarczyk, Miroslaw"]
[Black "Cyborowski, Lukasz"]
[Result "1/2-1/2"]
[WhiteElo "2505"]
[BlackElo "2425"]
[EventDate "1998.03.12"]
[PlyCount "71"]

1.d4 Nf6 2.c4 g6 3.g3 c6 4.Nf3 Bg7 5.Bg2 d5 6.b3 O-O 7.O-O Ne4 8.Bb2 Bf5 
9.Nc3 Nxc3 10.Bxc3 Be4 11.e3 Nd7 12.Qe2 Re8 13.Rfd1 Nf6 14.Rac1 Qb6 15.Bf1
Bf5 16.Ne5 h5 17.Bg2 Ne4 18.Bb2 Nf6 19.Ba3 Qa5 20.Qb2 Qd8 21.Bb4 h4 22.Qe2
hxg3 23.hxg3 Qb6 24.Be1 Rad8 25.Qb2 Ng4 26.cxd5 cxd5 27.Bc3 Qe6 28.Qa3 
Nxe5 29.dxe5 Bxe5 30.Bxe5 Qxe5 31.Qxa7 Ra8 32.Qxb7 Rxa2 33.Qxd5 Qb2 34.Rf1
Be6 35.Qb5 Rd8 36.Rb1 1/2-1/2

[Event "55th POL-ch"]
[Site "Ksiaz POL"]
[Date "1998.03.??"]
[Round "9"]
[White "Kaminski, Marcin"]
[Black "Markowski, Tomasz"]
[Result "1/2-1/2"]
[WhiteElo "2535"]
[BlackElo "2505"]
[EventDate "1998.03.12"]
[PlyCount "34"]

1.e4 c5 2.Nf3 g6 3.Bc4 Bg7 4.O-O Nc6 5.c3 e6 6.d4 cxd4 7.Nxd4 Nxd4 8.cxd4 
Ne7 9.d5 exd5 10.exd5 d6 11.Re1 O-O 12.Bg5 Re8 13.Qe2 Bd7 14.Nc3 Qb6 15.
Qd2 Nf5 16.Ne4 Rec8 17.Bb3 Bb5 1/2-1/2

[Event "55th POL-ch"]
[Site "Ksiaz POL"]
[Date "1998.03.22"]
[Round "10"]
[White "Gdanski, Jacek"]
[Black "Kaminski, Marcin"]
[Result "1/2-1/2"]
[WhiteElo "2520"]
[BlackElo "2535"]
[EventDate "1998.03.12"]
[PlyCount "21"]

1.e4 d5 2.exd5 Nf6 3.d4 Nxd5 4.Nf3 g6 5.Be2 Bg7 6.O-O O-O 7.c4 Nb6 8.Nc3 
Nc6 9.d5 Ne5 10.Nxe5 Bxe5 11.Bh6 1/2-1/2

[Event "55th POL-ch"]
[Site "Ksiaz POL"]
[Date "1998.03.22"]
[Round "10"]
[White "Kempinski, Robert"]
[Black "Macieja, Bartlomiej"]
[Result "1-0"]
[WhiteElo "2520"]
[BlackElo "2485"]
[EventDate "1998.03.12"]
[PlyCount "117"]

1.d4 Nf6 2.Nf3 e6 3.e3 b6 4.Bd3 Bb7 5.O-O Be7 6.c4 O-O 7.Nc3 d5 8.Qe2 Nbd7
9.Rd1 Ne4 10.Nd2 Ndf6 11.Ndxe4 Nxe4 12.Bxe4 dxe4 13.a3 f5 14.b4 a5 15.b5 
Rf6 16.a4 Qf8 17.Nb1 Rh6 18.Ba3 Bc8 19.c5 Bd7 20.cxb6 cxb6 21.Bxe7 Qxe7 
22.Nd2 e5 23.dxe5 Qxe5 24.Nf1 Be8 25.Ng3 Rd6 26.Rac1 Rxd1+ 27.Qxd1 g6 28.
h4 Kg7 29.h5 Kh6 30.Qb3 Rb8 31.Qa3 Kg7 32.Ne2 Bf7 33.Nd4 Re8 34.Rc6 f4 35.
hxg6 hxg6 36.Rxb6 fxe3 37.fxe3 Rh8 38.Qd6 Qg5 39.Qf4 Qxf4 40.exf4 Rd8 41.
Nc6 Rd1+ 42.Kf2 Ra1 43.Ne5 Ra2+ 44.Ke3 Ra3+ 45.Kxe4 Rxa4+ 46.Ke3 Bd5 47.
Rd6 Ba8 48.Rxg6+ Kh7 49.Rc6 Bxc6 50.bxc6 Ra2 51.g4 Rc2 52.Kd3 Rc1 53.Nc4 
Rd1+ 54.Ke4 Rd8 55.Nxa5 Kg7 56.Nc4 Rc8 57.Kd5 Kf8 58.Nb6 Rd8+ 59.Kc5 1-0

[Event "55th POL-ch"]
[Site "Ksiaz POL"]
[Date "1998.03.22"]
[Round "10"]
[White "Kuczynski, Robert"]
[Black "Grabarczyk, Bogdan"]
[Result "0-1"]
[WhiteElo "2485"]
[BlackElo "2425"]
[EventDate "1998.03.12"]
[PlyCount "120"]

1.e4 c5 2.Nf3 d6 3.c3 Nf6 4.Bd3 g6 5.Bc2 Bg7 6.d4 O-O 7.O-O Bg4 8.Nbd2 
cxd4 9.cxd4 Nc6 10.h3 Bd7 11.a3 Rc8 12.Nb3 e5 13.Be3 exd4 14.Nbxd4 Ne5 15.
Re1 Re8 16.Nxe5 Rxe5 17.Bf4 Re8 18.Bxd6 Bxh3 19.e5 Bg4 20.Qd2 Nh5 21.f3 
Bd7 22.g4 Qb6 23.gxh5 Rxc2 24.Qxc2 Rxe5 25.Bxe5 Bxe5 26.Rad1 Bxd4+ 27.Kg2 
Bc6 28.Qd3 Bf6 29.b4 Bh4 30.Re3 Qc7 31.Qd6 Qc8 32.Qf4 g5 33.Qd4 g4 34.Qf4 
h6 35.Kh2 Bg5 36.Qe5 gxf3 37.Rg1 Qd8 38.Rxg5+ hxg5 39.Kg3 f6 40.Qe6+ Kf8 
41.Rxf3 Bxf3 42.Kxf3 Kg7 43.Qe4 Qd1+ 44.Kf2 Qxh5 45.Qxb7+ Qf7 46.Qf3 Qd7 
47.Qe3 Kg6 48.b5 Qxb5 49.Qxa7 Qb2+ 50.Kf1 Qc1+ 51.Kg2 Qd2+ 52.Kg1 g4 53.
Qa8 f5 54.a4 f4 55.Qg8+ Kh5 56.Qf7+ Kg5 57.Qe7+ Kg6 58.Qe8+ Kh6 59.Qf8+ 
Kh5 60.Qc5+ Kh4 0-1

[Event "55th POL-ch"]
[Site "Ksiaz POL"]
[Date "1998.03.22"]
[Round "10"]
[White "Markowski, Tomasz"]
[Black "Palus, Ryszard"]
[Result "1-0"]
[WhiteElo "2505"]
[BlackElo "2385"]
[EventDate "1998.03.12"]
[PlyCount "107"]

1.Nf3 Nf6 2.c4 g6 3.b3 Bg7 4.Bb2 O-O 5.g3 c5 6.Bg2 Nc6 7.O-O d5 8.cxd5 
Nxd5 9.Bxg7 Kxg7 10.d4 cxd4 11.Nxd4 Nxd4 12.Qxd4+ Nf6 13.Qe5 Qb6 14.Nc3 
Qe6 15.Qxe6 fxe6 16.Rfd1 Rb8 17.Rac1 b6 18.Nb5 a6 19.Nd4 Bd7 20.Bh3 e5 21.
Bxd7 exd4 22.Rxd4 Rfd8 23.Rcd1 Rxd7 24.Rxd7 Nxd7 25.Rxd7 Kf6 26.Rc7 a5 27.
f4 Kf7 28.Kf2 Ke6 29.Ke3 Kd6 30.Rc1 Kd5 31.Kd3 Ke6 32.Ke4 Kd6 33.g4 Rf8 
34.Rc3 Rg8 35.a4 Rf8 36.Rd3+ Ke6 37.Rd4 Rb8 38.Rd5 Rc8 39.Rb5 Rc6 40.h3 
Kd6 41.Kd4 Kc7 42.h4 Rc1 43.h5 Rd1+ 44.Ke4 Rg1 45.hxg6 hxg6 46.Rg5 Rb1 47.
Rxg6 Rxb3 48.Re6 Rb4+ 49.Kf5 Rxa4 50.g5 Ra1 51.g6 Rg1 52.Rxe7+ Kd6 53.Ra7 
Kc5 54.e4 1-0

[Event "55th POL-ch"]
[Site "Ksiaz POL"]
[Date "1998.03.22"]
[Round "10"]
[White "Sapis, Witalis"]
[Black "Hnydiuk, Aleksander"]
[Result "1/2-1/2"]
[WhiteElo "2375"]
[BlackElo "2355"]
[EventDate "1998.03.12"]
[PlyCount "54"]

1.d4 d5 2.c4 dxc4 3.Nf3 e6 4.Qa4+ Nd7 5.Bg5 Nf6 6.Nc3 a6 7.e4 h6 8.Bxf6 
gxf6 9.Bxc4 Rb8 10.Be2 b5 11.Qc2 c5 12.d5 Bd6 13.O-O Qc7 14.a4 b4 15.dxe6 
fxe6 16.Nb1 Ne5 17.Nbd2 O-O 18.Kh1 Bb7 19.Nc4 Nxf3 20.Bxf3 Be5 21.Bg4 Rfe8
22.Rae1 Rbd8 23.Re3 Bf4 24.Rh3 Rd4 25.Bf3 Red8 26.g3 Bg5 27.Rh5 Qf7 
1/2-1/2

[Event "55th POL-ch"]
[Site "Ksiaz POL"]
[Date "1998.03.22"]
[Round "10"]
[White "Sosnicki, Michal"]
[Black "Grabarczyk, Miroslaw"]
[Result "1/2-1/2"]
[WhiteElo "2385"]
[BlackElo "2505"]
[EventDate "1998.03.12"]
[PlyCount "29"]

1.d4 Nf6 2.c4 e6 3.Nc3 Bb4 4.e3 b6 5.Ne2 Bb7 6.a3 Be7 7.d5 O-O 8.e4 exd5 
9.cxd5 d6 10.Ng3 c6 11.Bc4 Nbd7 12.O-O Ne5 13.dxc6 Bxc6 14.Ba2 Qd7 15.Re1 
1/2-1/2

[Event "55th POL-ch"]
[Site "Ksiaz POL"]
[Date "1998.03.24"]
[Round "11"]
[White "Grabarczyk, Bogdan"]
[Black "Markowski, Tomasz"]
[Result "0-1"]
[WhiteElo "2425"]
[BlackElo "2505"]
[EventDate "1998.03.12"]
[PlyCount "64"]

1.e4 c5 2.Nf3 g6 3.d4 Bg7 4.dxc5 Qa5+ 5.c3 Qxc5 6.Be3 Qc7 7.Bd4 Nf6 8.e5 
Ng4 9.e6 O-O 10.exf7+ Rxf7 11.Bxg7 Kxg7 12.Qd4+ Nf6 13.Nbd2 Nc6 14.Qh4 d5 
15.Be2 e5 16.O-O h6 17.Ne1 Bd7 18.Nc2 Re8 19.Rae1 Qb6 20.b4 Ne7 21.Ne3 g5 
22.Qg3 Ng6 23.a3 Qc6 24.c4 d4 25.Nd5 Nxd5 26.cxd5 Qc2 27.Nb3 Nf4 28.Bd1 
Qg6 29.Nc5 Bb5 30.Bb3 Bxf1 31.Kxf1 Rc7 32.Ne4 Qa6+ 0-1

[Event "55th POL-ch"]
[Site "Ksiaz POL"]
[Date "1998.03.24"]
[Round "11"]
[White "Kaminski, Marcin"]
[Black "Sapis, Witalis"]
[Result "0-1"]
[WhiteElo "2535"]
[BlackElo "2375"]
[EventDate "1998.03.12"]
[PlyCount "94"]

1.e4 d5 2.exd5 Nf6 3.Nf3 Nxd5 4.d4 g6 5.Be2 Bg7 6.O-O O-O 7.Re1 c6 8.h3 
Nd7 9.Bf1 b5 10.a4 b4 11.a5 c5 12.Bc4 e6 13.Nbd2 Bb7 14.a6 Bc6 15.Ne4 Qb6 
16.h4 cxd4 17.h5 Ne3 18.Bxe3 dxe3 19.Rxe3 Bxe4 20.Rxe4 Nf6 21.Rd4 Nxh5 22.
Rd7 Bxb2 23.Rb1 Bc3 24.Ng5 Rad8 25.Ne4 Nf6 26.Nxf6+ Bxf6 27.Rxd8 Rxd8 28.
Qf3 Bd4 29.g3 Bc5 30.Bd3 Kg7 31.Kg2 Qd6 32.Rh1 Qd5 33.Be4 Qe5 34.Bd3 Rd7 
35.Rh4 Rd4 36.Re4 Rxe4 37.Qxe4 Qxe4+ 38.Bxe4 f5 39.Bc6 Kf6 40.f4 e5 41.
fxe5+ Kxe5 42.Kf3 Kf6 43.Bb5 Bd6 44.Bd7 Be5 45.Kg2 g5 46.Kh3 g4+ 47.Kh4 
Kg6 0-1

[Event "55th POL-ch"]
[Site "Ksiaz POL"]
[Date "1998.03.24"]
[Round "11"]
[White "Macieja, Bartlomiej"]
[Black "Kuczynski, Robert"]
[Result "1-0"]
[WhiteElo "2485"]
[BlackElo "2485"]
[EventDate "1998.03.12"]
[PlyCount "57"]

1.e4 c5 2.Nc3 d6 3.f4 Nc6 4.Nf3 g6 5.Bb5 Bd7 6.O-O Bg7 7.d3 a6 8.Bxc6 Bxc6
9.Qe1 Qd7 10.a4 b6 11.Qh4 e6 12.f5 h6 13.fxg6 fxg6 14.Be3 e5 15.Nd2 Qe6 
16.Nc4 Rb8 17.Qg3 Ne7 18.a5 b5 19.Nb6 Rf8 20.Qh4 Ng8 21.Ncd5 Rb7 22.b4 
Rxf1+ 23.Rxf1 c4 24.Rf2 g5 25.Qh5+ Kd8 26.dxc4 bxc4 27.Nxc4 Bxd5 28.exd5 
Qxd5 29.Nxd6 1-0

[Event "55th POL-ch"]
[Site "Ksiaz POL"]
[Date "1998.03.24"]
[Round "11"]
[White "Urban, Klaudiusz"]
[Black "Sosnicki, Michal"]
[Result "1/2-1/2"]
[WhiteElo "2480"]
[BlackElo "2385"]
[EventDate "1998.03.12"]
[PlyCount "50"]

1.c4 Nf6 2.Nc3 e5 3.g3 Nc6 4.Bg2 Bc5 5.e3 O-O 6.Nge2 d5 7.cxd5 Nb4 8.d4 
exd4 9.exd4 Bb6 10.O-O Nbxd5 11.Bg5 Nxc3 12.bxc3 h6 13.Be3 c6 14.Qd3 Re8 
15.h3 Nd5 16.Bd2 Qf6 17.Rfe1 Bf5 18.Qf3 Be4 19.Qxf6 Nxf6 20.Rac1 Ba5 21.
Bxe4 Rxe4 22.f3 Re7 23.Nf4 Rae8 24.Rxe7 Rxe7 25.Kf2 Ne8 1/2-1/2

[Event "55th POL-ch"]
[Site "Ksiaz POL"]
[Date "1998.03.25"]
[Round "12"]
[White "Cyborowski, Lukasz"]
[Black "Kaminski, Marcin"]
[Result "0-1"]
[WhiteElo "2425"]
[BlackElo "2535"]
[EventDate "1998.03.12"]
[PlyCount "80"]

1.Nf3 Nf6 2.c4 g6 3.Nc3 Bg7 4.g3 c6 5.Bg2 d5 6.cxd5 cxd5 7.O-O O-O 8.d4 e6
9.Ne5 Nfd7 10.f4 Nc6 11.Be3 Nb6 12.Bf2 Ne7 13.Rc1 Bd7 14.e4 dxe4 15.Nxe4 
Bc6 16.Nxc6 bxc6 17.Ng5 Nbd5 18.Nf3 Qa5 19.a3 Rab8 20.Qe2 Rb3 21.Ne5 Rfb8 
22.Rc2 Qb5 23.Qxb5 R8xb5 24.Nxc6 Nxc6 25.Rxc6 Rxb2 26.Ra6 Rxf2 27.Kxf2 
Bxd4+ 28.Ke2 Ne3 29.Kd3 Bc5 30.Rc1 Nxg2 31.a4 Rb6 32.Rxb6 Bxb6 33.Ke4 f5+ 
34.Ke5 Kf7 35.Kd6 Ne3 36.Rc8 Ng4 37.Ra8 Nxh2 38.a5 Bf2 39.Kc6 Ng4 40.Kb7 
Nf6 0-1

[Event "55th POL-ch"]
[Site "Ksiaz POL"]
[Date "1998.03.25"]
[Round "12"]
[White "Gdanski, Jacek"]
[Black "Grabarczyk, Bogdan"]
[Result "1-0"]
[WhiteElo "2520"]
[BlackElo "2425"]
[EventDate "1998.03.12"]
[PlyCount "141"]

1.e4 c5 2.Nf3 d6 3.d4 cxd4 4.Nxd4 Nf6 5.Nc3 g6 6.Be3 Bg7 7.f3 Nc6 8.Qd2 
O-O 9.O-O-O d5 10.exd5 Nxd5 11.Nxc6 bxc6 12.Bd4 e5 13.Bc5 Be6 14.Ne4 Rb8 
15.Bc4 a5 16.g4 Qc8 17.a4 Rd8 18.b3 Qc7 19.Qf2 h6 20.g5 Bf5 21.h4 h5 22.
Rd2 Be6 23.Rhd1 Rb7 24.Ba3 Qb8 25.Nc5 Ra7 26.Nxe6 fxe6 27.Re1 Rf7 28.Re4 
Bf8 29.Bxf8 Rdxf8 30.Qc5 Qc7 31.Be2 Rf4 32.Kb2 Rb8 33.Bd1 Kf7 34.c4 Qb6 
35.Qxb6 Nxb6 36.Kc3 Rxe4 37.fxe4 Ke7 38.Rf2 Nd7 39.Bc2 Rb7 40.Kd2 Rb6 41.
Kc3 Rb8 42.Rf1 c5 43.Rf2 Rg8 44.Bd3 Nb8 45.Bc2 Nc6 46.Rf6 Nd4 47.Bd1 Rg7 
48.Kd3 Ke8 49.Kc3 Kd7 50.Kd3 Ke7 51.Kd2 Rg8 52.Kc3 Nc6 53.Bf3 Nb4 54.Be2 
Rd8 55.Rxg6 Rd4 56.Rg7+ Kd6 57.Bxh5 Rxe4 58.Be8 Re3+ 59.Kd2 Rd3+ 60.Ke2 e4
61.Rd7+ Ke5 62.Rxd3 exd3+ 63.Ke3 Kf5 64.g6 Kf6 65.h5 Kg7 66.Bd7 e5 67.Bf5 
Kh6 68.Bxd3 Nc6 69.Ke4 Kxh5 70.g7 Ne7 71.Kxe5 1-0

[Event "55th POL-ch"]
[Site "Ksiaz POL"]
[Date "1998.03.25"]
[Round "12"]
[White "Markowski, Tomasz"]
[Black "Macieja, Bartlomiej"]
[Result "1-0"]
[WhiteElo "2505"]
[BlackElo "2485"]
[EventDate "1998.03.12"]
[PlyCount "107"]

1.Nf3 c5 2.c4 g6 3.g3 Bg7 4.Bg2 Nc6 5.Nc3 e6 6.d4 cxd4 7.Nb5 d5 8.cxd5 
Qa5+ 9.Nd2 Qxb5 10.dxc6 bxc6 11.a4 Qb7 12.Nc4 Qc7 13.Bf4 Qd7 14.Rc1 Ne7 
15.Ne5 Bxe5 16.Bxe5 O-O 17.Qxd4 Qxd4 18.Bxd4 Ba6 19.b4 Rab8 20.Bc5 Rfe8 
21.e4 Nc8 22.a5 Rd8 23.Rd1 Rxd1+ 24.Kxd1 Rb7 25.Kc2 Rd7 26.Rd1 Rxd1 27.
Kxd1 e5 28.Bh3 Kg7 29.Kd2 f6 30.Be6 g5 31.Kc3 Kg6 32.Bf8 h6 33.h3 Kh7 34.
Kd2 Kg6 35.Ke3 Kh7 36.f4 Kg6 37.f5+ Kh7 38.h4 Kh8 39.Kf3 Kh7 40.h5 Kh8 41.
Bxh6 Nd6 42.Bf8 Nb5 43.Bf7 Nc3 44.h6 g4+ 45.Kxg4 Be2+ 46.Kh4 Nxe4 47.Be7 
Kh7 48.Bg6+ Kh8 49.g4 Bc4 50.g5 fxg5+ 51.Bxg5 Nxg5 52.Kxg5 e4 53.Kf4 Bd5 
54.f6 1-0

[Event "55th POL-ch"]
[Site "Ksiaz POL"]
[Date "1998.03.25"]
[Round "12"]
[White "Sapis, Witalis"]
[Black "Palus, Ryszard"]
[Result "1/2-1/2"]
[WhiteElo "2375"]
[BlackElo "2385"]
[EventDate "1998.03.12"]
[PlyCount "123"]

1.d4 Nf6 2.Nf3 g6 3.Bf4 Bg7 4.e3 d6 5.h3 c5 6.c3 O-O 7.Be2 cxd4 8.exd4 Be6
9.O-O Qb6 10.Bc1 Nc6 11.Na3 Rac8 12.Re1 Na5 13.Bd3 Rfe8 14.b4 Nc6 15.Ng5 
Bd7 16.Qb3 d5 17.Nf3 Bf5 18.Bxf5 gxf5 19.Bg5 e6 20.Bxf6 Bxf6 21.Rad1 Re7 
22.Rd3 Rec7 23.Nb1 Qb5 24.Qd1 Ne7 25.Ne5 Bxe5 26.Rxe5 Ng6 27.Re1 Kh8 28.
Qd2 Rg8 29.Rg3 Qe8 30.Qh6 Qf8 31.Qxf8 Rxf8 32.Kf1 a5 33.a3 axb4 34.axb4 
Ra8 35.Rd3 Kg7 36.Rd2 Nf4 37.g3 Ng6 38.Ke2 Ne7 39.Rc2 Nc8 40.Nd2 Nd6 41.
Kd3 Ra3 42.Rec1 Kf6 43.Nb1 Ra4 44.Nd2 b6 45.Ke3 Nb5 46.Kd3 Ke7 47.Nf3 Ra3 
48.Ng1 Rc4 49.Kd2 f6 50.Ne2 e5 51.dxe5 fxe5 52.f4 exf4 53.Nxf4 d4 54.Ne2 
dxc3+ 55.Nxc3 Rd4+ 56.Ke1 Nxc3 57.Rxc3 Rxc3 58.Rxc3 Rxb4 59.Rc7+ Kf6 60.
Rxh7 Rb2 61.Rh5 Kg6 62.g4 1/2-1/2

[Event "55th POL-ch"]
[Site "Ksiaz POL"]
[Date "1998.03.26"]
[Round "13"]
[White "Grabarczyk, Bogdan"]
[Black "Sapis, Witalis"]
[Result "1/2-1/2"]
[WhiteElo "2425"]
[BlackElo "2375"]
[EventDate "1998.03.12"]
[PlyCount "56"]

1.e4 d5 2.exd5 Nf6 3.Bb5+ Bd7 4.Be2 Nxd5 5.d4 Bf5 6.Nf3 e6 7.O-O Be7 8.a3 
O-O 9.c4 Nb6 10.Nc3 Nc6 11.Be3 Bf6 12.b4 a6 13.Qb3 Nxd4 14.Bxd4 Bxd4 15.
Rad1 e5 16.Nxe5 Qf6 17.Rxd4 Qxe5 18.Rfd1 Rae8 19.c5 Be6 20.Qc2 Bf5 21.Qc1 
Na4 22.Nxa4 Qxe2 23.Nc3 Qe5 24.g4 Bc8 25.f4 Qe7 26.f5 Qh4 27.Kg2 Bd7 28.
Rxd7 Qxg4+ 1/2-1/2

[Event "55th POL-ch"]
[Site "Ksiaz POL"]
[Date "1998.03.26"]
[Round "13"]
[White "Hnydiuk, Aleksander"]
[Black "Grabarczyk, Miroslaw"]
[Result "0-1"]
[WhiteElo "2355"]
[BlackElo "2505"]
[EventDate "1998.03.12"]
[PlyCount "96"]

1.e4 e5 2.Nf3 Nc6 3.d4 exd4 4.Nxd4 Nf6 5.Nxc6 bxc6 6.e5 Qe7 7.Qe2 Nd5 8.c4
Nb6 9.Nd2 g6 10.Ne4 Qe6 11.Nf6+ Kd8 12.Bd2 Ba6 13.b3 d5 14.Bc3 dxc4 15.Qe4
Be7 16.Be2 h5 17.Qf3 Kc8 18.O-O Kb7 19.Ne4 Rhd8 20.Rfb1 Rab8 21.bxc4 Bxc4 
22.a4 Bxe2 23.Qxe2 Ka8 24.a5 Nc4 25.h3 Nxe5 26.Ng5 Bxg5 27.Qxe5 Qxe5 28.
Bxe5 Rb5 29.Bxc7 Rc8 30.Bd6 Bf6 31.Rxb5 cxb5 32.Rb1 a6 33.Bb4 Kb7 34.Kf1 
Rc4 35.Ke2 Rc2+ 36.Ke3 Rc4 37.Kd3 Kc6 38.Bd2 Kd5 39.Re1 Be5 40.g3 Ra4 41.
Rc1 Rc4 42.Re1 Rd4+ 43.Kc2 Re4 44.Rf1 Kc4 45.f4 Bf6 46.Rf3 b4 47.f5 g5 48.
Rb3 Re2 0-1

[Event "55th POL-ch"]
[Site "Ksiaz POL"]
[Date "1998.03.26"]
[Round "13"]
[White "Kaminski, Marcin"]
[Black "Sosnicki, Michal"]
[Result "1/2-1/2"]
[WhiteElo "2535"]
[BlackElo "2385"]
[EventDate "1998.03.12"]
[PlyCount "57"]

1.e4 e5 2.Nf3 Nc6 3.Nc3 Nf6 4.g3 d5 5.exd5 Nxd5 6.Bg2 Nxc3 7.bxc3 Bc5 8.
O-O O-O 9.d3 Bg4 10.h3 Bh5 11.Qe1 Re8 12.Qe4 Qe7 13.Ng5 Bg6 14.Qc4 Kh8 15.
Ne4 Bb6 16.a4 Na5 17.Qb4 c5 18.Qb5 f5 19.Nd2 Qf7 20.c4 Qc7 21.Nf3 h6 22.
Bd2 Rab8 23.Bc3 e4 24.Nh4 Bh7 25.Rfe1 a6 26.Qb2 Ba7 27.f4 Nc6 28.Kh1 Nd4 
29.Bd2 1/2-1/2

[Event "55th POL-ch"]
[Site "Ksiaz POL"]
[Date "1998.03.26"]
[Round "13"]
[White "Palus, Ryszard"]
[Black "Cyborowski, Lukasz"]
[Result "0-1"]
[WhiteElo "2385"]
[BlackElo "2425"]
[EventDate "1998.03.12"]
[PlyCount "80"]

1.d4 Nf6 2.c4 c5 3.Nf3 cxd4 4.Nxd4 g6 5.Nc3 Nc6 6.e4 d6 7.Be2 Bg7 8.Be3 
O-O 9.O-O Bd7 10.Re1 Nxd4 11.Bxd4 Bc6 12.Bf1 e5 13.Be3 Nxe4 14.Nxe4 Bxe4 
15.Bg5 Qxg5 16.Rxe4 Rad8 17.Qd5 Qe7 18.Rd1 Kh8 19.Re3 f5 20.Ra3 b6 21.b4 
e4 22.Rb3 Be5 23.a4 Rb8 24.Rdb1 Qf7 25.Qxf7 Rxf7 26.Rd1 Kg7 27.Rd5 Kf6 28.
a5 Rc7 29.Rb5 Rcb7 30.a6 Rc7 31.Rb1 Ke6 32.Be2 h5 33.Rd1 Rbc8 34.Rc1 g5 
35.Rc2 g4 36.Rd5 h4 37.Rc1 Rg7 38.Rcd1 f4 39.Bf1 g3 40.f3 h3 0-1

[Event "55th POL-ch"]
[Site "Ksiaz POL"]
[Date "1998.03.26"]
[Round "13"]
[White "Urban, Klaudiusz"]
[Black "Kempinski, Robert"]
[Result "1-0"]
[WhiteElo "2480"]
[BlackElo "2520"]
[EventDate "1998.03.12"]
[PlyCount "95"]

1.g3 Nf6 2.Bg2 g6 3.c4 Bg7 4.Nc3 O-O 5.d3 c6 6.e4 d6 7.Nge2 a6 8.O-O b5 9.
h3 Be6 10.Nd4 Bd7 11.Nc2 Qc8 12.Kh2 Be6 13.Qe2 Nbd7 14.Bd2 Rb8 15.b3 Nb6 
16.Rac1 Bd7 17.f4 e5 18.Ne3 exf4 19.gxf4 bxc4 20.bxc4 Nh5 21.Qe1 Qd8 22.
Ne2 Na4 23.Qd1 c5 24.Be1 Rb2 25.Rc2 Qb8 26.Nd5 Rxc2 27.Qxc2 Qb2 28.Qxb2 
Nxb2 29.Nc1 Rb8 30.Ba5 Na4 31.Nb3 Re8 32.Bc7 Re6 33.Bf3 Nxf4 34.Nxf4 Be5 
35.Bg4 g5 36.Bxe6 Bxe6 37.Kg2 gxf4 38.Na5 f5 39.Nc6 fxe4 40.Nxe5 dxe5 41.
dxe4 Bxc4 42.Rg1 Bxa2 43.Bxe5 c4 44.Bd4 c3 45.Kf3+ Kf7 46.Rc1 Be6 47.h4 h5
48.Kxf4 1-0